Refugiados: frente a la catástrofe humanitaria, una solución real

Đã lưu trong:
Chi tiết về thư mục
Tác giả chính: Nair, Sami (Tác giả)
Định dạng: Sách
Ngôn ngữ:Tiếng Tây Ban Nha
Được phát hành: Barcelona Crítica 2016
Phiên bản:1a. ed
Những chủ đề:
Các nhãn: Thêm thẻ
Không có thẻ, Là người đầu tiên thẻ bản ghi này!

MARC

LEADER 00000cam a2200000 a 4500
001 UCC8967
003 CL-VaPUC
008 190830e20160000sp |||||||||||||||||spa|d
020 |a 9788416771097 
082 0 4 |a 341.484  |b NAI  |2 21 
100 0 |a Nair, Sami  |e author  |9 603684 
245 1 0 |a Refugiados: frente a la catástrofe humanitaria, una solución real 
250 |a 1a. ed 
300 |a 186 p 
942 |c BK 
945 |d 20190830 10:52:00  |a dcastane 
260 |a Barcelona  |b Crítica  |c 2016 
650 7 |a REFUGIADOS  |2 CL-VaPUC  |9 603685 
650 0 |a Derechos humanos  |9 223025 
650 0 |a Asilo político   |9 340540 
583 |a last modification  |c 20190830 10:52:00  |k Rodrigo Vera 
999 |c 375162  |d 375160 
952 |0 0  |1 0  |3 erb  |4 0  |6 341_484000000000000_NAI_2016  |7 0  |8 WP_COW  |9 561106  |a BIBDER  |b BIBDER  |e Fundación W and P Cowley  |i 5597137  |o 341.484 NAI 2016  |p 5597137  |r 2023-01-25  |w 2020-03-12  |y BK  |z Catalogado en:20190830  |k WPC